000 01031nam a2200241Ia 4500
003 AR-RoIUNI
005 20210316133121.0
007 ta
008 150616s2007 sp r 000 0 spa d
020 _a9788425424953
040 _cIUNIR
080 _a316
100 1 _aLefort, Claude,
_d1924-2010‏.
245 1 3 _aEl arte de escribir y lo político /
_cClaude Lefort ; edición y traducción de Esteban Molina.
260 _aBarcelona :
_bHerder,
_c2007.
300 _a350 p. ;
_c21 cm.
490 0 _aPensamiento Herder
505 0 _a1. Europa: civilización urbana -- 2. Focos de republicanismo -- 3. La fundación de los Estados Unidos y la democracia -- 4. Tocqueville: democracia y arte de escribir -- 5. Tres notas sobre Leo Strauss -- 6. Maquiavelo y la veritá effetuale -- 7. Formación y autoridad: la educación humanista -- 8. El boudoir y la ciudad -- 9. La idea de humanidad y el proyecto de paz universal.
650 4 _aPSICOLOGÍA
_9108
650 4 _aCIVILIZACIÓN
650 4 _aDEMOCRACIA
942 _cBK
_2cdu
999 _c1573
_d1573